Replacing the U.S. income tax with a progressive consumption tax (Registro nro. 25877)

Detalles MARC
000 -LEADER
fixed length control field 00417 a2200133 4500
001 - CONTROL NUMBER
control field ART_11831
005 - DATE AND TIME OF LATEST TRANSACTION
control field 20260410161900.0
008 - FIXED-LENGTH DATA ELEMENTS--GENERAL INFORMATION
fixed length control field 260409a
100 1# - MAIN ENTRY--PERSONAL NAME
Personal name Fullerton, Don
245 10 - TITLE STATEMENT
Title Replacing the U.S. income tax with a progressive consumption tax
700 1# - ADDED ENTRY--PERSONAL NAME
Personal name Shoven, John B.
700 1# - ADDED ENTRY--PERSONAL NAME
Personal name Whalley, John
773 0# - HOST ITEM ENTRY
Title Journal of public economics
Related parts - Vol. 20, Nº 1 (feb. 1983)
Record control number REV11485

No hay ítems disponibles.